000 00291 a2200133 4500
000 nam a22 7a 4500
100 _aAggarawal, S K
110 _aAggarawal, S K
245 _aGenomes
250 _aLatest edition
260 _bMedtech
_c2018
264 _bMedtech
_c2018
942 _cBK
999 _c396776
_d396776